Statistics for Children of Grey's Anatomy

Click here to take the quiz!

General Stats

  • This quiz has been taken 51 times
  • The average score is 9 of 21

Answer Stats

Answer% Correct
Bailey
100%
Zola
100%
Ellis
93%
Sofia
93%
Tuck
83%
Scout
52%
Harriet
50%
Leo
50%
Allison
48%
Samuel
48%
Luna
40%
Sloan
33%
Pru
26%
Eli
21%
Joey
19%
Alexis
14%
Farouk
12%
Austin
10%
Betty
10%
Liam
10%
Hannah
7%

Score Distribution

Percentile by Number Answered

Percent of People with Each Score

Your Score History

You have not taken this quiz